[Event "WC-2016-P-00013"]
[Site "LSS email"]
[Date "2012.02.12"]
[Round "?"]
[White "Konstantinov, Maxim"]
[Black "Kenig, Jaroslaw"]
[Result "1-0"]
[WhiteElo "2213"]
[BlackElo "1443"]
[PlyCount "61"]
[EventDate "2012.02.15"]
[EventType "tourn (corr)"]
[EventRounds "10"]
[EventCountry "GER"]
[SourceTitle "Telechess CBM 159"]
[Source "ChessBase"]
[SourceDate "2014.03.17"]
[SourceVersion "1"]
[SourceVersionDate "2014.03.17"]
[SourceQuality "1"]

1. d4 Nf6 2. c4 e6 3. Nf3 b6 4. Nc3 Bb4 5. e3 Ne4 6. Qc2 Bb7 7. Bd3 f5 8. 0-0 Bxc3 9. bxc3 0-0 10. Nd2 Qh4 11. f3 Nxd2 12. Bxd2 Nc6 13. Rab1 d6 14. Be1 Qh6 15. Bf2 Ba6 16. Rfe1 Na5 17. c5 Bxd3 18. Qxd3 d5 19. Bg3 Rfc8 20. Qa6 Qg5 21. Bf4 Qg6 22. e4 fxe4 23. fxe4 Nc4 24. Re2 bxc5 25. dxc5 Qg4 26. Rf2 Qg6 27. Re1 e5 28. Qxg6 hxg6 29. Bg3 c6 30. exd5 cxd5 31. Bxe5 1-0

[Event "OP-2011-0-01483"]
[Site "LSS email"]
[Date "2011.04.19"]
[Round "?"]
[White "Kenig, Jaroslaw"]
[Black "Hickl, Norbert"]
[Result "1-0"]
[WhiteElo "1495"]
[BlackElo "1050"]
[PlyCount "69"]
[EventDate "2011.04.06"]
[EventType "tourn (corr)"]
[EventRounds "4"]
[EventCountry "GER"]
[SourceTitle "Telechess CBM 145"]
[Source "Chessbase"]
[SourceDate "2011.11.11"]
[SourceVersion "1"]
[SourceVersionDate "2011.11.11"]
[SourceQuality "1"]

1. Nf3 Nf6 2. d4 e6 3. c4 d5 4. Nc3 c6 5. e3 Nbd7 6. Bd2 Bd6 7. Bd3 0-0 8. 0-0 dxc4 9. Bxc4 b5 10. Bd3 a6 11. Ne4 Nxe4 12. Bxe4 Bb7 13. Rc1 Rc8 14. b4 Nf6 15. Bb1 Re8 16. e4 e5 17. dxe5 Bxe5 18. Nxe5 Rxe5 19. Bf4 Re7 20. Qxd8+ Rxd8 21. f3 h6 22. Be3 Red7 23. Bb6 Re8 24. a3 Nh7 25. Rfd1 Nf8 26. Kf2 Rxd1 27. Rxd1 Ng6 28. Rd6 Ne5 29. Ba2 Kf8 30. Bc5 Kg8 31. Ke3 Bc8 32. Bd4 Kf8 33. h3 Bb7 34. Kd2 Ke7 35. Bxe5 1-0

[Event "BI-2011-P-00013"]
[Site "LSS email"]
[Date "2011.04.17"]
[Round "?"]
[White "Zielinski, Sergej"]
[Black "Kenig, Jaroslaw"]
[Result "1/2-1/2"]
[WhiteElo "2148"]
[BlackElo "1444"]
[PlyCount "71"]
[EventDate "2011.04.20"]
[EventType "tourn (corr)"]
[EventRounds "10"]
[EventCountry "GER"]
[SourceTitle "Telechess CBM 157"]
[Source "ChessBase"]
[SourceDate "2013.11.12"]
[SourceVersion "1"]
[SourceVersionDate "2013.11.12"]
[SourceQuality "1"]

1. e4 e5 2. Nf3 Nf6 3. Nxe5 d6 4. Nf3 Nxe4 5. d4 d5 6. Bd3 Be7 7. 0-0 Nc6 8. c4 Nb4 9. Be2 0-0 10. Nc3 Bf5 11. a3 Nxc3 12. bxc3 Nc6 13. Re1 Re8 14. cxd5 Qxd5 15. Bf4 Rac8 16. Bd3 Qd7 17. Rb1 b6 18. d5 Bxd3 19. Qxd3 Bxa3 20. Ng5 g6 21. Ne4 Be7 22. Qd2 Nd8 23. Be5 Qf5 24. Ng3 Qd7 25. Ne4 Qf5 26. Qd4 Nb7 27. Bh8 f6 28. Nxf6+ Bxf6 29. Bxf6 Nc5 30. f3 Qd3 31. Red1 Qxd4+ 32. Bxd4 Nb7 33. c4 Rcd8 34. Kf2 Rd7 35. Rbc1 Kf7 36. h3 1/2-1/2

[Event "OP-2011-0-01483"]
[Site "LSS email"]
[Date "2011.04.11"]
[Round "?"]
[White "Bozic, Deni"]
[Black "Kenig, Jaroslaw"]
[Result "0-1"]
[WhiteElo "829"]
[BlackElo "1495"]
[PlyCount "64"]
[EventDate "2011.04.06"]
[EventType "tourn (corr)"]
[EventRounds "4"]
[EventCountry "GER"]
[SourceTitle "Telechess CBM 145"]
[Source "Chessbase"]
[SourceDate "2011.11.11"]
[SourceVersion "1"]
[SourceVersionDate "2011.11.11"]
[SourceQuality "1"]

1. e4 c5 2. Nf3 g6 3. d4 cxd4 4. Nxd4 Bg7 5. Be2 Nf6 6. Nc3 Nc6 7. Be3 0-0 8. 0-0 d5 9. exd5 Nxd5 10. Nxd5 Qxd5 11. Bf3 Qa5 12. Bxc6 bxc6 13. Nxc6 Qc7 14. Nd4 Rd8 15. c3 Ba6 16. Re1 e5 17. Qa4 exd4 18. cxd4 Qc4 19. Qxc4 Bxc4 20. b3 Be6 21. Rac1 Bxd4 22. Bg5 Rd5 23. Bf4 a5 24. Rcd1 a4 25. h3 axb3 26. axb3 Ra2 27. Be3 Bxe3 28. fxe3 Rg5 29. g4 h5 30. Kf1 hxg4 31. hxg4 Bxg4 32. Ra1 Bh3# 0-1